Top 10 des meilleurs chefs de guerres - Statistiques

Statistiques générales
  • Ce quiz a été pris 78 fois
    76 depuis la dernière actualisation
  • Le résultat moyen est 5 sur 10
Statistiques - réponses
Top Chef de guerres Empire % Correct
01 Alexandre le Grand (356 - 323 av J-C) Empire Macédoinien
94%
03 Jules César (100 - 44 av J-C) Empire Romain
93%
02 Napoléon Bonaparte (1769 - 1821) Empire Napoléonien
93%
04 Gengis Khan (1162 - 1227) Empire Mongol
74%
08 Attila (395 - 453) Les Hunniques
47%
05 Hannibal Barca (247 - 183 av J-C) Carthage
36%
07 Tamerlan (1336 -1405) Empire Timouride
21%
09 Frédéric II (1712 - 1786) La Prusse
11%
10 Léonidas Ier (540 - 480) Empire Spartiate
7%
06 Mehmed II (1432 - 1481) Empire Ottoman
7%
Aucun quiz correspondant
Distribution des résultats
% des personnes avec chaque résultat
Percentile par nombre de réponses
Votre historique - résultats
Vous n’avez pas pris ce quiz depuis la dernière actualisation